Lana Del Rey discography 2020 - Statistics

General Stats
  • This quiz has been taken 734 times
  • The average score is 52 of 84
Answer Stats
Album Song % Correct
Born to Die Born to Die
98%
Ultraviolence
94%
Norman ******* Rockwell Norman ******* Rockwell
93%
Lust for Life
92%
Honeymoon Honeymoon
90%
Summertime Sadness
86%
Video Games
84%
Lust For Life Love
83%
Brooklyn Baby
80%
Blue Jeans
79%
Off to the races
78%
Paradise Ride
78%
Lolita
77%
West Coast
77%
Carmen
75%
Cola
74%
Dark Paradise
74%
National Anthem
74%
Happiness is a Butterfly
73%
Venice Bitch
72%
Cherry
71%
High By the Beach
71%
Mariners Apartment Complex
71%
Radio
70%
Diet Mountain Dew
69%
Hope is a dangerous thing for a woman like me to have
69%
Cinnamon Girl
68%
Doin' Time
68%
Sad Girl
66%
Shades Of Cool
66%
Art Deco
65%
Ultraviolence Cruel World
65%
Florida Kilos
65%
Million dollar man
65%
Pretty When You Cry
65%
This is what makes us girls
65%
Salvator
64%
Yayo
64%
Black Beauty
63%
California
63%
Freak
63%
Old Money
63%
The Greatest
63%
American
62%
Bartender
62%
**** it I Love you
62%
Money Power Glory
62%
Fked My Way Up To The Top
61%
Summer Bummer
61%
The Other Woman
61%
White Mustang
61%
13 Beaches
60%
24
59%
Blue Velvet
59%
Gods & Monsters
59%
Love Song
58%
Swan Song
58%
Bel Air
57%
Groupie Love
57%
Heroin
57%
Music to Watch Boys to
57%
Get Free
56%
Born to Die (Deluxe Edition) Without You
56%
Body Electric
54%
Guns and Roses
54%
Lucky Ones
53%
How to Disappear
52%
The Next Best American Record
52%
Beautiful People Beautiful Problems
51%
The Blackest Day
51%
Change
50%
Terrence Loves You
50%
Religion
49%
Coachella
47%
God Bless America
47%
When the World was at War we Kept Dancing
47%
In My Feelings
46%
Tomorrow Never Came
45%
God Knows I Tried
42%
Don't Let Me Be Misunderstood
41%
Burnt Norton
38%
Looking for America
19%
Let Me Love you like a Woman
11%
Singles Summertime The Gershwin Version
3%
No matching quizzes found
Score Distribution
Percent of People with Each Score
Percentile by Number Answered
Your Score History
You have not taken this quiz